000 00794nam a22002175i 4500
001 156865
003 ES-MaACL
005 20250801204215.0
008 040805s1838 fr a |||| | fre d
040 _aCAM
_bspa
_cCAM
100 1 _aLafaugère, Louis Justin.
_9128575
245 1 0 _aNouveau manuel complet d'escrime ou Traité de l'art de faire des armes /
_cpar L\ps\s - J\pn\s Lafaugère.
250 _aNouvelle éd.
260 _aParis :
_bLibrairie encyclopédique de Roret,
_c1838.
300 _a[6], VII, 280 p., 4 h. de lám. ;
_c15 cm.
490 1 _aManuels-Roret
650 7 _aEsgrima
_2embne
_912459
830 0 _aManuels-Roret
_9182241
852 _aES-MaACL
_jR-1775
_z-- Enc. pasta española
_z-- Legado de M. de la Fuente. Olim: d-3984
999 _c156865
_d156865